[Event "Pozarevac Rudar IM 01-A"]
[Site "Pozarevac"]
[Date "2025.01.26"]
[Round "8"]
[White "Radlovacki, Jovan"]
[Black "Gundavaa, Bayarsaihan"]
[Result "0-1"]
[WhiteElo "2217"]
[BlackElo "2468"]
[PlyCount "82"]
[EventDate "2025.01.20"]
[EventType "tourn"]
[EventRounds "9"]
[EventCountry "SRB"]
[EventCategory "1"]
[SourceTitle "CB07_2025"]
[SourceDate "2025.02.12"]
[SourceVersion "1"]
[SourceVersionDate "2025.02.12"]
[SourceQuality "1"]

1. e4 c5 2. Nf3 e6 3. c3 Nf6 4. Bd3 d5 5. e5 Nfd7 6. Bc2 c4 7. 0-0 Nc6 8. Re1 g5 9. d4 cxd3 10. Bxd3 g4 11. Nd4 Ncxe5 12. Bb5 Bd6 13. c4 0-0 14. cxd5 exd5 15. Nf5 Bc7 16. Qxd5 Nf6 17. Qxd8 Rxd8 18. Ne7+ Kg7 19. Nxc8 Raxc8 20. Nc3 a6 21. Bf1 Nd3 22. Bxd3 Rxd3 23. Re3 Rd7 24. Re2 b5 25. Bd2 Rcd8 26. Bg5 h6 27. Bh4 Rc8 28. Bg3 Ba5 29. Be5 Kg6 30. h3 h5 31. a3 Rd3 32. Bxf6 Kxf6 33. hxg4 hxg4 34. Ne4+ Kg6 35. b4 Bb6 36. g3 Bd4 37. Rf1 Rxa3 38. Kg2 Rb3 39. Rd1 Rxb4 40. Nd6 Rc6 41. Nb7 Rb6 0-1

[Event "Pozarevac Rudar IM 01-A"]
[Site "Pozarevac"]
[Date "2025.01.25"]
[Round "7"]
[White "Petrovic, Aleksa"]
[Black "Radlovacki, Jovan"]
[Result "1/2-1/2"]
[WhiteElo "2288"]
[BlackElo "2217"]
[PlyCount "63"]
[EventDate "2025.01.20"]
[EventType "tourn"]
[EventRounds "9"]
[EventCountry "SRB"]
[EventCategory "1"]
[SourceTitle "CB07_2025"]
[SourceDate "2025.02.12"]
[SourceVersion "1"]
[SourceVersionDate "2025.02.12"]
[SourceQuality "1"]

1. Nf3 Nf6 2. c4 d6 3. d4 Bg4 4. g3 Qc8 5. h3 Bxf3 6. exf3 g6 7. Bg2 Bg7 8. 0-0 0-0 9. Re1 Re8 10. f4 e6 11. d5 exd5 12. Rxe8+ Qxe8 13. cxd5 Nbd7 14. Nc3 Nc5 15. Be3 Nfe4 16. Nxe4 Nxe4 17. Qb3 b6 18. Bxe4 Qxe4 19. Rc1 Rc8 20. Rc4 Qb1+ 21. Rc1 Qxb2 22. Qa4 Bf6 23. f5 Qe5 24. fxg6 hxg6 25. Qd7 Rd8 26. Qxc7 Qxd5 27. Qxa7 b5 28. Rc7 Ra8 29. Qb7 Qxb7 30. Rxb7 Rxa2 31. Rxb5 Kf8 32. Bf4 1/2-1/2

[Event "Pozarevac Rudar IM 01-A"]
[Site "Pozarevac"]
[Date "2025.01.24"]
[Round "5"]
[White "Gao, Muziyan"]
[Black "Radlovacki, Jovan"]
[Result "0-1"]
[WhiteElo "2221"]
[BlackElo "2217"]
[PlyCount "164"]
[EventDate "2025.01.20"]
[EventType "tourn"]
[EventRounds "9"]
[EventCountry "SRB"]
[EventCategory "1"]
[SourceTitle "CB07_2025"]
[SourceDate "2025.02.12"]
[SourceVersion "1"]
[SourceVersionDate "2025.02.12"]
[SourceQuality "1"]

1. d4 c5 2. Nf3 cxd4 3. Nxd4 e6 4. c4 a6 5. Nc3 Qc7 6. e4 Nf6 7. Bd3 b6 8. Qe2 d6 9. 0-0 Be7 10. f4 Bb7 11. Be3 Nbd7 12. f5 e5 13. Nc2 Nc5 14. Bg5 Ncd7 15. Rad1 Rc8 16. Ne3 Qb8 17. Bc2 Bc6 18. a4 Qb7 19. Bh4 h6 20. h3 Qb8 21. g4 b5 22. axb5 axb5 23. cxb5 Bb7 24. Kh2 Nxe4 25. Bxe4 Bxh4 26. Bxb7 Qxb7 27. Nc4 Be7 28. Nxd6+ Bxd6 29. Rxd6 0-0 30. Qg2 Qxg2+ 31. Kxg2 Nf6 32. Rfd1 Rc4 33. Kf3 Rb4 34. R1d2 Nh7 35. Ke3 Ng5 36. h4 Nh7 37. Rg2 Nf6 38. g5 Ng4+ 39. Kf3 h5 40. Re2 Re8 41. b6 Kf8 42. Kg2 Rb3 43. g6 Nf6 44. Red2 Rb4 45. Kh3 e4 46. gxf7 Kxf7 47. Rc6 e3 48. Re2 Kg8 49. Rd6 Re5 50. Re6 Rxf5 51. R6xe3 Rff4 52. Re6 Rxh4+ 53. Kg2 Rbg4+ 54. Kf2 Rh2+ 55. Ke1 Rxe2+ 56. Kxe2 Rb4 57. Rd6 Rxb2+ 58. Kd3 Rb3 59. Rc6 Nd7 60. Rc7 Nxb6 61. Ke4 Kh7 62. Kf5 Rb4 63. Ra7 Kh6 64. Rf7 Nc4 65. Ne4 g6+ 66. Ke6 Ne3 67. Nd6 Ng4 68. Rf3 Ra4 69. Nf7+ Kg7 70. Ng5 Ra6+ 71. Ke7 Ne5 72. Re3 Nc6+ 73. Kd7 Nd4 74. Re7+ Kf6 75. Ne4+ Kf5 76. Nd6+ Kg5 77. Re4 Ra7+ 78. Kd8 Nf5 79. Nb5 Rh7 80. Nc7 Ng3 81. Ne6+ Kf6 82. Nf8 Nxe4 0-1

[Event "Pozarevac Rudar IM 01-A"]
[Site "Pozarevac"]
[Date "2025.01.23"]
[Round "4"]
[White "Radlovacki, Jovan"]
[Black "Stanojoski, Zvonko"]
[Result "1-0"]
[WhiteElo "2217"]
[BlackElo "2377"]
[PlyCount "57"]
[EventDate "2025.01.20"]
[EventType "tourn"]
[EventRounds "9"]
[EventCountry "SRB"]
[EventCategory "1"]
[SourceTitle "CB07_2025"]
[SourceDate "2025.02.12"]
[SourceVersion "1"]
[SourceVersionDate "2025.02.12"]
[SourceQuality "1"]

1. e4 c5 2. Nf3 d6 3. d4 cxd4 4. Qxd4 Nc6 5. Qe3 g6 6. c4 Bg7 7. h3 Nf6 8. Nc3 0-0 9. Be2 Nd7 10. 0-0 Nc5 11. Bd2 a5 12. Rfd1 Nb4 13. Rac1 f5 14. exf5 gxf5 15. Qg5 Rf6 16. Qh4 Bd7 17. Be3 b6 18. a3 Nc6 19. Nd5 Re6 20. b4 axb4 21. axb4 Re4 22. Qg3 f4 23. Nxf4 Nxb4 24. Ng5 Re5 25. Bd4 Nc6 26. Bxe5 Nxe5 27. Bf3 Rb8 28. Bd5+ Kh8 29. Ng6+ 1-0

[Event "Pozarevac Rudar IM2 12"]
[Site "Pozarevac"]
[Date "2024.12.17"]
[Round "9"]
[White "Radlovacki, Jovan"]
[Black "Lazic, Miroljub"]
[Result "1/2-1/2"]
[WhiteElo "2237"]
[BlackElo "2315"]
[PlyCount "20"]
[EventDate "2024.12.10"]
[EventType "tourn"]
[EventRounds "9"]
[EventCountry "SRB"]
[SourceTitle "CB04_2025"]
[SourceDate "2025.01.22"]
[SourceVersion "1"]
[SourceVersionDate "2025.01.22"]
[SourceQuality "1"]

1. e4 e5 2. Nf3 Nc6 3. Bb5 a6 4. Ba4 Nf6 5. d3 b5 6. Bb3 Be7 7. 0-0 d6 8. c3 0-0 9. Re1 Na5 10. Bc2 c5 1/2-1/2

[Event "Pozarevac Rudar IM2 12"]
[Site "Pozarevac"]
[Date "2024.12.15"]
[Round "7"]
[White "Radlovacki, Jovan"]
[Black "Dumanuly, Sultanbeibarys"]
[Result "1-0"]
[WhiteElo "2237"]
[BlackElo "2218"]
[PlyCount "93"]
[EventDate "2024.12.10"]
[EventType "tourn"]
[EventRounds "9"]
[EventCountry "SRB"]
[SourceTitle "CB04_2025"]
[SourceDate "2025.01.22"]
[SourceVersion "1"]
[SourceVersionDate "2025.01.22"]
[SourceQuality "1"]

1. e4 e5 2. Nf3 Nc6 3. Bb5 a6 4. Ba4 Nf6 5. Qe2 b5 6. Bb3 Bc5 7. c3 d6 8. 0-0 0-0 9. Rd1 Bb6 10. h3 h6 11. d3 Bd7 12. Nbd2 Ne7 13. Nf1 Ng6 14. Be3 Bxe3 15. fxe3 a5 16. a3 a4 17. Bc2 Be6 18. d4 Bc4 19. Qf2 Bxf1 20. Rxf1 c5 21. Nd2 c4 22. Rae1 Ra7 23. Qg3 Nh5 24. Qh2 Qh4 25. g4 Nf6 26. Nf3 Nxg4 27. hxg4 Qxg4+ 28. Kh1 Re7 29. Re2 Qd7 30. Rg2 Kh8 31. Rfg1 Rg8 32. Nh4 Nxh4 33. Qxh4 Ree8 34. d5 Qe7 35. Qh3 Qf8 36. Bd1 g6 37. Rh2 Kh7 38. Rg4 Rh8 39. Rg1 Re7 40. Bg4 Rb7 41. Bd7 Kg7 42. Bc6 Rb8 43. Qd7 Qd8 44. Rxg6+ Kxg6 45. Rg2+ Qg5 46. Qxd6+ f6 47. Bd7 1-0

[Event "Pozarevac Rudar IM2 12"]
[Site "Pozarevac"]
[Date "2024.12.13"]
[Round "4"]
[White "Petrovic, Aleksa"]
[Black "Radlovacki, Jovan"]
[Result "1/2-1/2"]
[WhiteElo "2219"]
[BlackElo "2237"]
[PlyCount "21"]
[EventDate "2024.12.10"]
[EventType "tourn"]
[EventRounds "9"]
[EventCountry "SRB"]
[SourceTitle "CB04_2025"]
[SourceDate "2025.01.22"]
[SourceVersion "1"]
[SourceVersionDate "2025.01.22"]
[SourceQuality "1"]

1. e4 c6 2. d4 d5 3. exd5 cxd5 4. Bd3 Nc6 5. c3 Nf6 6. Bf4 g6 7. h3 Bg7 8. Nf3 0-0 9. 0-0 Bf5 10. Re1 Re8 11. Bf1 1/2-1/2

[Event "Pozarevac Rudar IM2 11"]
[Site "Pozarevac"]
[Date "2024.11.17"]
[Round "4"]
[White "Krishna, C Revanth Gopala"]
[Black "Radlovacki, Jovan"]
[Result "1-0"]
[WhiteElo "2448"]
[BlackElo "2210"]
[PlyCount "97"]
[EventDate "2024.11.14"]
[EventType "tourn"]
[EventRounds "9"]
[EventCountry "SRB"]
[SourceTitle "CB49_2024"]
[SourceDate "2024.12.04"]
[SourceVersion "1"]
[SourceVersionDate "2024.12.04"]
[SourceQuality "1"]

1. d4 d5 2. c4 e6 3. Nf3 h6 4. g3 Nf6 5. Bg2 Bd6 6. 0-0 0-0 7. Nc3 Nc6 8. Qa4 dxc4 9. Qxc4 a6 10. e4 e5 11. dxe5 Nxe5 12. Nxe5 Bxe5 13. Be3 b5 14. Qe2 Bb7 15. Rfd1 Qe7 16. Rac1 Rfe8 17. Nd5 Nxd5 18. exd5 Qf6 19. b3 Re7 20. a4 b4 21. a5 Bc3 22. Qc4 Rd8 23. d6 cxd6 24. Bxb7 Rxb7 25. Qxa6 Rbb8 26. Rd5 Ra8 27. Qd3 Qe6 28. Rd1 Be5 29. a6 h5 30. a7 h4 31. Bb6 Re8 32. f4 Bf6 33. Rxd6 Qg4 34. Bf2 h3 35. Rd5 g6 36. Rd7 Rac8 37. Qd5 Rf8 38. Kf1 Rc2 39. Qe4 Ra2 40. R7d2 Bc3 41. Re2 Kh7 42. f5 Qxe4 43. Rxe4 gxf5 44. Re7 Kg6 45. Rb7 Ra8 46. Rd6+ f6 47. Rdd7 Re8 48. Rg7+ Kh5 49. Rh7+ 1-0

[Event "Banja Luka op-A"]
[Site "Banja Luka"]
[Date "2024.04.28"]
[Round "4"]
[White "Radlovacki, Jovan"]
[Black "Zagorac, Lara"]
[Result "1-0"]
[WhiteElo "2211"]
[BlackElo "1994"]
[PlyCount "101"]
[EventDate "2024.04.26"]
[EventType "swiss"]
[EventRounds "5"]
[EventCountry "BIH"]
[SourceTitle "CBM 220 Extra"]
[Source "ChessBase"]
[SourceDate "2024.07.31"]
[SourceVersion "1"]
[SourceVersionDate "2024.07.31"]
[SourceQuality "1"]

1. d4 d5 2. Bf4 c5 3. e3 Nf6 4. Nc3 a6 5. dxc5 Nc6 6. Nf3 Bg4 7. Be2 e6 8. Nd4 Bxe2 9. Qxe2 Bxc5 10. Nxc6 bxc6 11. 0-0 0-0 12. Rfd1 Bd6 13. Bxd6 Qxd6 14. Na4 Qb4 15. b3 Qb5 16. Qd3 h6 17. Rac1 Rac8 18. c4 Qa5 19. Qd2 Qd8 20. Qb4 Ne4 21. f3 Rb8 22. Qa3 Nf6 23. e4 Qa5 24. Qc5 Qxc5+ 25. Nxc5 Ra8 26. e5 Nh7 27. Nd3 Rfc8 28. Rc2 a5 29. Rdc1 Rd8 30. Nb2 Nf8 31. cxd5 cxd5 32. Rc7 Ng6 33. Nd3 Rdb8 34. g3 Nf8 35. h4 g5 36. h5 Rd8 37. Kf2 Nd7 38. Rb7 Kf8 39. Ke3 Ke8 40. Kd4 Rdb8 41. Rbc7 Kd8 42. R1c6 Rb5 43. g4 Rbb8 44. f4 gxf4 45. g5 hxg5 46. h6 Ra6 47. Rc8+ Rxc8 48. Rxc8+ Kxc8 49. h7 Kb7 50. h8Q Ra8 51. Qg7 1-0

[Event "Ayvalik Ananas"]
[Site "Ayvalik"]
[Date "2024.01.28"]
[Round "7.5"]
[White "Radlovacki, Jovan"]
[Black "Ilinca Ilinca, Felix Antonio"]
[Result "1/2-1/2"]
[WhiteElo "2191"]
[BlackElo "2415"]
[PlyCount "51"]
[EventDate "2024.01.25"]
[EventType "schev"]
[EventRounds "10"]
[EventCountry "TUR"]
[SourceTitle "CBM 218 Extra"]
[Source "ChessBase"]
[SourceDate "2024.03.31"]
[SourceVersion "1"]
[SourceVersionDate "2024.03.31"]
[SourceQuality "1"]
[WhiteTeam "Masters"]
[BlackTeam "Stars"]
[WhiteTeamCountry "TUR"]
[BlackTeamCountry "TUR"]

1. e4 c5 2. Nf3 d6 3. d4 cxd4 4. Qxd4 Nc6 5. Qe3 g6 6. c4 Bg7 7. Nc3 Nf6 8. h3 0-0 9. Be2 b6 10. 0-0 Bb7 11. Rb1 Rc8 12. b3 Nd7 13. Bb2 Nc5 14. Rfd1 a6 15. Nd5 e6 16. Bxg7 Kxg7 17. Nf4 Qe7 18. b4 Nd7 19. c5 bxc5 20. bxc5 Nxc5 21. Rxd6 Qxd6 22. Nh5+ gxh5 23. Qg5+ Kh8 24. Qf6+ Kg8 25. Qg5+ Kh8 26. Qf6+ 1/2-1/2

[Event "Ayvalik Ananas"]
[Site "Ayvalik"]
[Date "2024.01.25"]
[Round "2.5"]
[White "Ilinca Ilinca, Felix Antonio"]
[Black "Radlovacki, Jovan"]
[Result "1-0"]
[WhiteElo "2415"]
[BlackElo "2191"]
[PlyCount "59"]
[EventDate "2024.01.25"]
[EventType "schev"]
[EventRounds "10"]
[EventCountry "TUR"]
[SourceTitle "CBM 218 Extra"]
[Source "ChessBase"]
[SourceDate "2024.03.31"]
[SourceVersion "1"]
[SourceVersionDate "2024.03.31"]
[SourceQuality "1"]
[WhiteTeam "Stars"]
[BlackTeam "Masters"]
[WhiteTeamCountry "TUR"]
[BlackTeamCountry "TUR"]

1. e4 d6 2. d4 e5 3. Nf3 Nd7 4. Bc4 h6 5. dxe5 dxe5 6. Bxf7+ Kxf7 7. Nxe5+ Kf6 8. Qd4 c5 9. Nxd7+ Ke7 10. Qxc5+ Kxd7 11. Qb5+ Ke7 12. Nc3 Kf7 13. Be3 Qc7 14. Qh5+ g6 15. Qf3+ Ke8 16. Nd5 Qc6 17. Qg3 Rh7 18. 0-0-0 h5 19. h4 Rf7 20. Rd3 Bg7 21. Bd4 Bxd4 22. Rxd4 Be6 23. Rhd1 Bxd5 24. exd5 Qf6 25. d6 Rd8 26. Qa3 a6 27. Qc5 Qxf2 28. d7+ Rfxd7 29. Re4+ Ne7 30. Rxe7+ 1-0

[Event "Ayvalik Mandalina"]
[Site "Ayvalik"]
[Date "2023.12.01"]
[Round "7.2"]
[White "Karaoglan, Kivanc"]
[Black "Radlovacki, Jovan"]
[Result "1-0"]
[WhiteElo "2220"]
[BlackElo "2268"]
[PlyCount "75"]
[EventDate "2023.11.28"]
[EventType "schev"]
[EventRounds "10"]
[EventCountry "TUR"]
[SourceTitle "CBM 217 Extra"]
[Source "ChessBase"]
[SourceDate "2024.01.31"]
[SourceVersion "1"]
[SourceVersionDate "2024.01.31"]
[SourceQuality "1"]
[WhiteTeam "Stars"]
[BlackTeam "Masters"]
[WhiteTeamCountry "TUR"]
[BlackTeamCountry "TUR"]

1. e4 c6 2. d4 d5 3. Nc3 dxe4 4. Nxe4 Nf6 5. Nxf6+ exf6 6. c3 Bd6 7. Bd3 0-0 8. Qc2 Re8+ 9. Ne2 h5 10. 0-0 Qc7 11. h3 h4 12. Be3 Nd7 13. Rad1 Nf8 14. c4 Qe7 15. Nc3 Bc7 16. Rfe1 Qd6 17. f4 f5 18. Bxf5 Rxe3 19. Rxe3 Qxf4 20. Rf3 Qh2+ 21. Kf2 g6 22. Bxc8 Rxc8 23. Ne2 Ne6 24. Qe4 Ng7 25. Qxh4 Nh5 26. Qe7 Rf8 27. Rdd3 f5 28. Rde3 Nf6 29. Re6 Rf7 30. Qa3 a6 31. Qe3 Bd6 32. Qg5 Kg7 33. Ng3 Bxg3+ 34. Qxg3 Qh1 35. Re1 Ne4+ 36. Rxe4 fxe4 37. Qe5+ Kf8 38. Qb8+ 1-0

[Event "Ayvalik Erik"]
[Site "Ayvalik"]
[Date "2023.11.25"]
[Round "7.3"]
[White "Radlovacki, Jovan"]
[Black "Senel, Hayri Beyhun"]
[Result "1/2-1/2"]
[WhiteElo "2268"]
[BlackElo "1953"]
[PlyCount "60"]
[EventDate "2023.11.22"]
[EventType "schev"]
[EventRounds "10"]
[EventCountry "TUR"]
[SourceTitle "CBM 217 Extra"]
[Source "ChessBase"]
[SourceDate "2024.01.31"]
[SourceVersion "1"]
[SourceVersionDate "2024.01.31"]
[SourceQuality "1"]
[WhiteTeam "Masters"]
[BlackTeam "Stars"]
[WhiteTeamCountry "TUR"]
[BlackTeamCountry "TUR"]

1. e4 c5 2. Nf3 e6 3. c3 Nf6 4. Bd3 d5 5. e5 Nfd7 6. Bc2 c4 7. 0-0 Nc6 8. Re1 Qc7 9. Qe2 g5 10. Nxg5 Qxe5 11. d4 Qxe2 12. Rxe2 h6 13. Nh3 Bd6 14. f4 Nf6 15. Nd2 Bd7 16. Nf3 0-0-0 17. Bd2 Rdg8 18. Rf1 Rg7 19. Kh1 Ne7 20. Ne5 Nf5 21. Ng1 Bxe5 22. fxe5 Ne4 23. Be1 Bc6 24. Nf3 Rhg8 25. Nh4 Nxh4 26. Bxh4 Kd7 27. g3 b5 28. Re3 Rb8 29. a3 a5 30. Ra1 Rb7 1/2-1/2

[Event "Ayvalik Erik"]
[Site "Ayvalik"]
[Date "2023.11.22"]
[Round "1.3"]
[White "Radlovacki, Jovan"]
[Black "Deveci, Huseyin Said"]
[Result "1-0"]
[WhiteElo "2268"]
[BlackElo "2059"]
[PlyCount "85"]
[EventDate "2023.11.22"]
[EventType "schev"]
[EventRounds "10"]
[EventCountry "TUR"]
[SourceTitle "CBM 217 Extra"]
[Source "ChessBase"]
[SourceDate "2024.01.31"]
[SourceVersion "1"]
[SourceVersionDate "2024.01.31"]
[SourceQuality "1"]
[WhiteTeam "Masters"]
[BlackTeam "Stars"]
[WhiteTeamCountry "TUR"]
[BlackTeamCountry "TUR"]

1. d4 d5 2. Bf4 c5 3. e3 Nc6 4. Nc3 a6 5. dxc5 e6 6. Na4 e5 7. Bg3 Be6 8. Nf3 f6 9. Nd2 Qc7 10. c3 Nh6 11. h3 Nf5 12. Bh2 Qf7 13. Be2 h5 14. Qc2 Be7 15. e4 dxe4 16. Qxe4 Rd8 17. Bc4 Nfd4 18. Bxe6 Nxe6 19. Nb3 Ng5 20. Qe2 0-0 21. 0-0 Qg6 22. Kh1 Ne4 23. Rad1 f5 24. Nd2 Nxd2 25. Rxd2 Rxd2 26. Qxd2 Rd8 27. Qe2 Qe6 28. b3 g6 29. Rd1 Rd5 30. Bg1 Rxd1 31. Qxd1 e4 32. f4 exf3 33. Qxf3 Bf6 34. Nb6 Kf7 35. Nc4 Qe1 36. Nd6+ Ke6 37. Nxb7 Qe4 38. Qf1 Bxc3 39. Qxa6 Kd5 40. Nd6 Qf4 41. Qd3+ Bd4 42. Qc4+ Ke5 43. Bh2 1-0

[Event "Ayvalik Armut"]
[Site "Ayvalik"]
[Date "2023.11.20"]
[Round "9"]
[White "Radlovacki, Jovan"]
[Black "Senel, Hayri Beyhun"]
[Result "1-0"]
[WhiteElo "2268"]
[BlackElo "1953"]
[PlyCount "91"]
[EventDate "2023.11.16"]
[EventType "schev"]
[EventRounds "10"]
[EventCountry "TUR"]
[SourceTitle "CBM 217 Extra"]
[Source "ChessBase"]
[SourceDate "2024.01.31"]
[SourceVersion "1"]
[SourceVersionDate "2024.01.31"]
[SourceQuality "1"]
[WhiteTeam "Masters"]
[BlackTeam "Stars"]

1. e4 c5 2. Nf3 e6 3. c3 Nf6 4. Bd3 d6 5. Bc2 Be7 6. d4 cxd4 7. cxd4 0-0 8. 0-0 b6 9. Bg5 Bb7 10. Nc3 Nbd7 11. Re1 e5 12. Qd2 a6 13. h3 Qc7 14. Rac1 Qb8 15. Nh4 Re8 16. Nf5 Bf8 17. dxe5 dxe5 18. Bxf6 Nxf6 19. Qg5 Bc8 20. Nh6+ Kh8 21. Nxf7+ Kg8 22. Bb3 Be6 23. Bxe6 Rxe6 24. Nh6+ Kh8 25. Nf5 g6 26. Ne3 Bg7 27. Ncd5 Ra7 28. Nxf6 Rxf6 29. Nd5 Rd6 30. Qg4 Rad7 31. Rc2 h6 32. Rec1 Kh7 33. g3 b5 34. Qf3 Qf8 35. Qxf8 Bxf8 36. Rc7 Kg7 37. Rxd7+ Rxd7 38. Rc6 Ra7 39. Kf1 Kf7 40. Ke2 a5 41. Kd3 Rb7 42. f3 h5 43. b3 a4 44. b4 Kg7 45. a3 Kf7 46. Rc7+ 1-0

[Event "Ayvalik Armut"]
[Site "Ayvalik"]
[Date "2023.11.19"]
[Round "7"]
[White "Radlovacki, Jovan"]
[Black "Akkara, Omer"]
[Result "1-0"]
[WhiteElo "2268"]
[BlackElo "1625"]
[PlyCount "85"]
[EventDate "2023.11.16"]
[EventType "schev"]
[EventRounds "10"]
[EventCountry "TUR"]
[SourceTitle "CBM 217 Extra"]
[Source "ChessBase"]
[SourceDate "2024.01.31"]
[SourceVersion "1"]
[SourceVersionDate "2024.01.31"]
[SourceQuality "1"]
[WhiteTeam "Masters"]
[BlackTeam "Stars"]

1. e4 c5 2. Nf3 Nc6 3. Bb5 g6 4. Bxc6 dxc6 5. h3 Bg7 6. 0-0 e5 7. d3 Ne7 8. Be3 b6 9. Qd2 h6 10. a4 f5 11. Qc3 0-0 12. a5 Be6 13. axb6 axb6 14. Rxa8 Qxa8 15. Na3 f4 16. Bc1 Qb8 17. b4 cxb4 18. Qxb4 c5 19. Qb5 Qc7 20. Nc4 Bxc4 21. Qxc4+ Kh7 22. Bb2 Qd6 23. Ra1 g5 24. Bc3 Ng6 25. Ra7 Qf6 26. Rb7 h5 27. Qa6 g4 28. Rxb6 gxf3 29. Rxf6 Rxf6 30. Qa7 fxg2 31. Kxg2 Nh4+ 32. Kf1 f3 33. Bxe5 Rg6 34. Bg3 Ng2 35. h4 c4 36. Qf7 Rf6 37. Qxh5+ Kg8 38. e5 Rf8 39. e6 Rb8 40. Bxb8 cxd3 41. e7 dxc2 42. e8Q+ Bf8 43. Qhg6+ 1-0

[Event "Ayvalik Armut"]
[Site "Ayvalik"]
[Date "2023.11.18"]
[Round "6"]
[White "Yagiz, Bora"]
[Black "Radlovacki, Jovan"]
[Result "0-1"]
[WhiteElo "1757"]
[BlackElo "2268"]
[PlyCount "58"]
[EventDate "2023.11.16"]
[EventType "schev"]
[EventRounds "10"]
[EventCountry "TUR"]
[SourceTitle "CBM 217 Extra"]
[Source "ChessBase"]
[SourceDate "2024.01.31"]
[SourceVersion "1"]
[SourceVersionDate "2024.01.31"]
[SourceQuality "1"]
[WhiteTeam "Stars"]
[BlackTeam "Masters"]

1. e4 c6 2. d4 d5 3. Nd2 dxe4 4. Nxe4 Nf6 5. Nxf6+ exf6 6. c3 Bd6 7. Bd3 0-0 8. Qc2 Re8+ 9. Ne2 h5 10. 0-0 Qc7 11. h3 h4 12. Be3 Nd7 13. Rad1 Nf8 14. c4 Be6 15. Nc3 Qd7 16. Ne4 Bb8 17. f4 Qc7 18. Rde1 a5 19. c5 Qd7 20. Qf2 Bf5 21. Bd2 Bc7 22. Re2 Ng6 23. Rfe1 Kf8 24. Bb1 Rad8 25. Nd6 Rxe2 26. Bxf5 Rxf2 27. Kxf2 Qe7 28. Nxb7 Rb8 29. Nxa5 Bxa5 0-1

[Event "SRB-chT 2nd League"]
[Site "Novi Sad"]
[Date "2023.11.07"]
[Round "8.5"]
[White "Radlovacki, Jovan"]
[Black "Bojkovic, Slobodan"]
[Result "1-0"]
[WhiteElo "2268"]
[BlackElo "2031"]
[PlyCount "83"]
[EventDate "2023.11.02"]
[EventType "team-tourn"]
[EventRounds "11"]
[EventCountry "SRB"]
[SourceTitle "CBM 217 Extra"]
[Source "ChessBase"]
[SourceDate "2024.01.31"]
[SourceVersion "1"]
[SourceVersionDate "2024.01.31"]
[SourceQuality "1"]
[WhiteTeam "Dec"]
[BlackTeam "Stara Pazova"]
[WhiteTeamCountry "SRB"]
[BlackTeamCountry "SRB"]

1. e4 c5 2. Nf3 e6 3. c3 Nf6 4. d3 Nc6 5. g3 Be7 6. Bg2 d5 7. Qe2 b6 8. 0-0 Bb7 9. Nbd2 Rc8 10. e5 Ng8 11. h4 h5 12. Re1 Nh6 13. Nf1 Kf8 14. Ng5 g6 15. Nh2 Kg7 16. Nh3 Nf5 17. Nf4 Qd7 18. Bh3 Rce8 19. Nf3 d4 20. c4 Nd8 21. Bg2 Bc6 22. Bd2 a5 23. b3 Bb7 24. a3 Nc6 25. Rab1 Ra8 26. Nh3 Nd8 27. Nhg5 b5 28. Ne4 Bc6 29. cxb5 Bxb5 30. Rec1 Qa7 31. Bg5 Nb7 32. Bf6+ Bxf6 33. exf6+ Kf8 34. Ne5 Rc8 35. Ng5 Be8 36. b4 axb4 37. axb4 Nfd6 38. Nxg6+ fxg6 39. Qxe6 Rc7 40. bxc5 Bf7 41. Nxf7 Nxf7 42. Rxb7 1-0